| 000 | 00622nam a2200181 i 4500 | ||
|---|---|---|---|
| 001 | 77391 | ||
| 003 | ES-MaACL | ||
| 005 | 20251001143817.0 | ||
| 007 | t| | ||
| 008 | 041008s1970 sp ||||1| spa d | ||
| 100 | 1 |
_aGutiérrez Ríos, Enrique. _961213 |
|
| 245 | 1 | 4 |
_aUna época de la cultura española / _cEnrique Gutiérrez Ríos, José María Albareda. |
| 260 |
_aMadrid : _bConsejo Superior de Investigaciones Científicas, _c1970. |
||
| 300 |
_aXVI, 342 p., 22 lám. ; _c25 cm. |
||
| 700 | 1 |
_aAlbareda Herrera, José María, _d1902-1966 _9157514 |
|
| 852 |
_aES-MaACL _jC-45037 _bR.76240 |
||
| 999 |
_c77391 _d77391 |
||